000 00772nam a2200217Ia 4500
005 20241129110208.0
008 241129s9999||||xx |||||||||||||| ||und||
020 _a81-88388-70-X
037 _aTB
040 _aARTS
_bhin
_cARTS
041 _ahin
_2hin
084 _aO152,3M90,VV Q0
_qARTS
100 _aगुरूदत्त, ले.
245 0 _aवैशाली विलय: बहती रेता - ऐतिहासिक उपन्यास
_cगुरूदत्त, ले.
260 _aनई दिल्ली, भारत
_bहिन्दी साहित्य सदन
_c2013
300 _a304पृ0
365 _aINR
_b250
650 _aHindi Fiction
942 _cTB
_hO152,3M90,VV Q0
999 _c1227677
_d1227677